| 000 | 01204nam a2200301 i 4500 | ||
|---|---|---|---|
| 003 | OSt | ||
| 008 | 221027s2021 enka j 000 1 eng d | ||
| 020 |
_a9780241493144 _cRM29.95 _qpaperback |
||
| 040 |
_aPPAK _beng _cPPAK _erda |
||
| 082 | 0 | 4 |
_223 _a813.54 |
| 090 | 0 | 0 |
_a813.54 _bCHI _dK |
| 100 | 1 |
_aChild, Lee, _eauthor. |
|
| 245 | 1 | 0 |
_aKILLING FLOOR / _cLEE CHILD ; RETOLD BY KATE WILLIAMS ; ILLUSTRATED BY KEVIN HOPGOOD ; SERIES EDITOR : SERREL PITTS |
| 264 | 1 |
_aLondon : _bPenguin Books, _c2021 |
|
| 300 |
_a80 pages : _billustrations ; _c20 cm. |
||
| 336 |
_atext _2rdacontent |
||
| 337 |
_aunmediated _2rdamedia |
||
| 338 |
_avolume _2rdacarrier |
||
| 490 | 1 |
_aPenguin Readers ; _vLEVEL 4 |
|
| 500 | _aIncludes questions and excercises | ||
| 520 | _aReacher was a soldier, then he was in the military police. Now, he is traveling the United States of America, with nothing much to do. Then, one morning, he is arrested-for murder!" -- back cover | ||
| 650 | 1 | 0 |
_aReacher, Jack (Fictitious character) _vFiction |
| 700 | 1 |
_aWilliams, Kate, _eauthor. |
|
| 700 | 1 |
_aHopgood, Kevin, _eillustrator. |
|
| 700 | 1 |
_aPitts, Sorrel, _eeditor. |
|
| 830 | 0 |
_aPenguin readers ; _nLevel 4 |
|
| 942 |
_2ddc _cB |
||
| 999 |
_c189702 _d189702 |
||